000 00696nam a2200253 i 4500
001 8945
003 ES-MaACL
005 20250720124042.0
007 t|
008 921116s1991 xxu |||| | eng d
020 _a0-312-05369-X
080 _a33:929 Wicksell, Knut
080 _a336.74
100 1 _aChiodi, Guglielmo.
_938535
245 1 0 _aWicksell's Monetary theory /
_cGuglielmo Chiodi.
260 _aNew York :
_bSt. Martin's Press,
_ccop. 1991.
300 _aXII, 129 p. ;
_c23 cm.
600 1 4 _aWicksell, Knut.
_9116741
650 0 4 _aMoneda.
_915153
650 4 _aInterés.
_9144080
650 7 _aPrecios
_2embne
_9144081
852 _aES-MaACL
_jL-16340
999 _c8945
_d8945